LIBRARY & INFORMATION CENTRE, KCAET, TAVANUR

ONLINE PUBLIC ACCESS CATALOGUE (OPAC)

Making of the prime minister / (Record no. 6307)

MARC details
000 -LEADER
fixed length control field 00393cam a2200157ua 4500
041 ## - LANGUAGE CODE
Language code of text/sound track or separate title eng
082 ## - DEWEY DECIMAL CLASSIFICATION NUMBER
Classification number 941
Item number HOW/MA
100 ## - MAIN ENTRY--AUTHOR NAME
Personal name Howard, Anthony .
245 ## - TITLE STATEMENT
Title Making of the prime minister /
260 ## - PUBLICATION, DISTRIBUTION, ETC. (IMPRINT)
Place of publication London :
Name of publisher Jonathan Cape ,
Year of publication 1965.
300 ## - PHYSICAL DESCRIPTION
Number of Pages 239 ; .
700 1# - ADDED ENTRY--PERSONAL NAME
Personal name West, Richard .
942 ## - ADDED ENTRY ELEMENTS (KOHA)
Koha item type Books
Holdings
Withdrawn status Lost status Damaged status Home library Current library Date acquired Full call number Accession Number Koha item type Public note
Withdrawn     KAUAET Malayalam University 07/04/2012 941 6115 Books Transferred to Malayalam University
free website counter